Código Penal de la Nación Argentina. Código Procesal de la Nación. Constitución Nacional : Códigos Universitarios 2007

Guardado en:
Formato: Libro
Idioma:Spanish
Publicado: Buenos Aires : Lexis Nexis, 2007
Edición:5º ed.
Materias:
Etiquetas: Agregar Etiqueta
Sin Etiquetas, Sea el primero en etiquetar este registro!
LEADER 00621nam a22001695a 4500
001 DER.der003521
005 20070330000000.0
008 180615s2007####||||||||||||||||||||spa||
020 |a 978-950-20-1755-6 
245 1 0 |a Código Penal de la Nación Argentina. Código Procesal de la Nación. Constitución Nacional :  |b Códigos Universitarios 2007 
250 |a 5º ed. 
260 |a Buenos Aires :  |b Lexis Nexis,  |c 2007 
300 0 |a 568 p. ; 18 x 14 cm 
653 |a CODIGO PENAL DE LA NACION ARGENTINA 
653 |a CODIGO PROCESAL PENAL DE LA NACION 
653 |a CONSTITUCION NACIONAL 
859 |a DERECHO  |b BIB. DERECHO  |h 345.05  |i LEX  |p 005229